Elogi del malentès : Exposició itinerant 2019-2022 / Exposició itinerant 2019-2022 /
ISBN:
9788498039016
Descripción Física:
47 pàgines ; il·lustracions en color ; 15 x 21 cm
Otros Autores:
Hurtado, Joana, 1979-
Materias:
Arza, Mar, -- 1976- -- Exposicions
; Cabello/Carceller (Grup d'artistes) -- Exposicions
; Coderch, Lúa, -- 1982- -- Exposicions
; Dahlberg, Kajsa, -- 1973- -- Exposicions
; Dot, Anna, -- 1991- -- Exposicions
; García, Dora, -- 1965- -- Exposicions
; Gómez, Andrea, -- 1977- -- Exposicions
; Güell, Núria, -- 1981- -- Exposicions
; Leykauf, Alexandra, -- 1976- -- Exposicions
; Moncunill, Mariona, -- 1984- -- Exposicions
; Sallarès, Mireia, -- 1973- -- Exposicions
; Suter, Batia, -- 1967- -- Exposicions
; Takala, Pilvi, -- 1981- -- Exposicions
; Art modern -- Exposicions -- S. XX
Idioma:
Catalán
MARC
| LEADER | 00000nam a22000007a 4500 | ||
|---|---|---|---|
| 001 | 27590 | ||
| 003 | Arxiu | ||
| 005 | 20260324181157.0 | ||
| 008 | 230327b spa||||| |||| 00| 0 cat d | ||
| 017 | |a B 24663-2019 | ||
| 020 | |a 9788498039016 | ||
| 040 | |a agdb |b cat | ||
| 245 | |a Elogi del malentès : |b Exposició itinerant 2019-2022 / |c A cura de Joana Hurtado Matheu | ||
| 260 | |a Barcelona : |b Diputació de Barcelona. Oficina de Difusió Artística ; |c 2019 | ||
| 300 | |a 47 pàgines ; |b il·lustracions en color ; |c 15 x 21 cm | ||
| 600 | 0 | |a Arza, Mar, |d 1976- |v Exposicions | |
| 600 | 0 | |a Cabello/Carceller (Grup d'artistes) |v Exposicions | |
| 600 | 0 | |a Coderch, Lúa, |d 1982- |v Exposicions | |
| 600 | 0 | |a Dahlberg, Kajsa, |d 1973- |v Exposicions | |
| 600 | 0 | |a Dot, Anna, |d 1991- |v Exposicions | |
| 600 | 1 | 0 | |a García, Dora, |d 1965- |v Exposicions |
| 600 | 0 | |a Gómez, Andrea, |b 1977- |v Exposicions | |
| 600 | 0 | |a Güell, Núria, |d 1981- |v Exposicions | |
| 600 | 0 | |a Leykauf, Alexandra, |d 1976- |v Exposicions | |
| 600 | 0 | |a Moncunill, Mariona, |d 1984- |v Exposicions | |
| 600 | 0 | |a Sallarès, Mireia, |d 1973- |v Exposicions | |
| 600 | 0 | |a Suter, Batia, |d 1967- |v Exposicions | |
| 600 | 0 | |a Takala, Pilvi, |d 1981- |v Exposicions | |
| 650 | 0 | |a Art modern |v Exposicions |y S. XX | |
| 700 | 1 | |9 56053 |a Hurtado, Joana, |d 1979- |e comissariat | |
| 710 | 1 | |9 52669 |a Barcelona (Catalunya : Província). |b Oficina de Difusió Artística | |
| 942 | |2 udc |c ARXIU |n 1 | ||
| 952 | |0 0 |1 0 |2 udc |4 0 |6 FU74199 |7 1 |9 65807 |a Arxiu |b Arxiu |d 2023-03-27 |l 0 |o FU-74-199 |p 27590 |r 2023-03-27 00:00:00 |w 2023-03-27 |y ARXIU | ||
| 999 | |c 83252 |d 83252 | ||